Normal view MARC view
  • Duff, James Grant

Entry Personal Name

Number of records used in: 2

001 - CONTROL NUMBER

  • control field: 49787

003 - CONTROL NUMBER IDENTIFIER

  • control field: NUST

005 - DATE AND TIME OF LATEST TRANSACTION

  • control field: 20210314134438.0

008 - FIXED-LENGTH DATA ELEMENTS

  • fixed length control field: 210314|| aca||aabn | a|a d

040 ## - CATALOGING SOURCE

  • Original cataloging agency: NUST
  • Transcribing agency: NUST

100 ## - HEADING--PERSONAL NAME

  • Personal name: Duff, James Grant

670 ## - SOURCE DATA FOUND

  • Source citation: Work cat.: (NUST): Duff, James Grant,, History of the Mahrattas /, 1878.
© 2023 Central Library, National University of Sciences and Technology. All Rights Reserved.